JasperReports for java developers : create, design, format, and export reports with the world's most popular java reporting library- (E-BOOK) (Record no. 192389)
[ view plain ]
| 000 -LEADER | |
|---|---|
| fixed length control field | 00926 a2200169 4500 |
| 003 - CONTROL NUMBER IDENTIFIER | |
| control field | Nust |
| 005 - DATE AND TIME OF LATEST TRANSACTION | |
| control field | 20170207154036.0 |
| 020 ## - INTERNATIONAL STANDARD BOOK NUMBER | |
| International Standard Book Number | 1904811906 |
| 040 ## - CATALOGING SOURCE | |
| Transcribing agency | Nust |
| 082 ## - DEWEY DECIMAL CLASSIFICATION NUMBER | |
| Classification number | 005.133 |
| 100 ## - MAIN ENTRY--PERSONAL NAME | |
| Personal name | Heffelfinger, David R. |
| 245 ## - TITLE STATEMENT | |
| Title | JasperReports for java developers : create, design, format, and export reports with the world's most popular java reporting library- (E-BOOK) |
| Statement of responsibility, etc. | David R. Heffelfinger |
| 260 ## - PUBLICATION, DISTRIBUTION, ETC. | |
| Place of publication, distribution, etc. | BIRMINGHAM |
| Name of publisher, distributor, etc. | Packt |
| Date of publication, distribution, etc. | 2006 |
| 300 ## - PHYSICAL DESCRIPTION | |
| Extent | 339 p. |
| 505 ## - FORMATTED CONTENTS NOTE | |
| Formatted contents note | Chapter 1: An Overview of JasperReports (Page- 7) Chapter 2: Adding Reporting Capabilities to Java Applications (Page-19) Chapter 3: Creating Your First Report (Page-29) Chapter 4: Creating Dynamic Database Reports (Page- 55) Chapter 5: Working with Other Datasources (Page-79 Chapter 6: Report Layout and Design (Page-115) Chapter 7: Adding Charts and Graphics to Reports (Page-169) Chapter 8: Other JasperReports Features (Page-191) |
| 650 ## - SUBJECT ADDED ENTRY--TOPICAL TERM | |
| Topical term or geographic name entry element | E-BOOK |
| 942 ## - ADDED ENTRY ELEMENTS (KOHA) | |
| Source of classification or shelving scheme | |
| Koha item type | Book |
| Withdrawn status | Lost status | Source of classification or shelving scheme | Damaged status | Not for loan | Collection code | Permanent Location | Current Location | Date acquired | Total Checkouts | Full call number | Barcode | Date last seen | Price effective from | Koha item type |
|---|---|---|---|---|---|---|---|---|---|---|---|---|---|---|
| Military College of Signals (MCS) | Military College of Signals (MCS) | 12/12/2016 | 005.133 HEF | MCSEB-1278 | 12/08/2016 | 12/12/2016 | Book |
